| 000 | 00823 am a22001694a 4500 | ||
|---|---|---|---|
| 008 | 111210n1969 ua g 000 0 ara d | ||
| 082 | 0 | 4 |
_a327.73062 _2 21 _bك و ب |
| 100 | 1 |
_aكوبلاند، مايلز. _933095 |
|
| 245 | 1 | 0 |
_aلعبة الأمم : _b اللأخلاقية في سياسة القوة الأمريكية / _c مايلز كوبلاند ؛ دراسة وتقديم الحسينى الحسينى معدي. |
| 246 | 3 | 1 | _aThe Game Of Nations. |
| 260 |
_aالقاهرة : _b دار الخلود، _c2012. |
||
| 300 |
_a452 ص. ؛ _c 24 سم. |
||
| 650 | 1 | 4 |
_aالولايات المتحدة الأمريكية _x العلاقات الخارجية _z مصر. _933096 |
| 653 |
_bAra _cApril2013 |
||
| 700 | 1 |
_aمعدي، الحسينى الحسينى. _e معد. _933097 |
|
| 942 |
_2ddc _cBB |
||
| 999 |
_c17437 _d17409 |
||